000 00453cam a2200181ua 4500
001 221
008 110324n ii |||gr||||Z||||||eng
040 _cMAIN
082 _a304.6
245 _aPopulation. :
_bIndia- the land and people. /
_cBy S.N. Agarwala.
250 _a1st.
260 _aNew Delhi.:
_bNational book trust,989.
300 _a141 p.:2 cm.
653 _aSociology.
653 _aPopulation.
700 1 _aAgarwala, S.N.,
942 _cBK
999 _c189
_d189